Monetary Policy Rules for Managing Aid Surges in Africa /

Since the turn of the century, aid flows to Africa have increased on average and become more volatile. As a result, policymakers, particularly in post-stabilization countries where inflation has only recently been brought under control, have been increasingly preoccupied with how best to deploy the...

وصف كامل

التفاصيل البيبلوغرافية
المؤلف الرئيسي: Buffie, Edward
مؤلفون آخرون: Adam, Christopher, O'Connell, Stephen, Pattillo, Catherine
التنسيق: دورية
اللغة:English
منشور في: Washington, D.C. : International Monetary Fund, 2007.
سلاسل:IMF Working Papers; Working Paper ; No. 2007/180
الوصول للمادة أونلاين:Full text available on IMF
LEADER 02314cas a2200277 a 4500
001 AALejournalIMF009452
008 230101c9999 xx r poo 0 0eng d
020 |c 5.00 USD 
020 |z 9781451867442 
022 |a 1018-5941 
040 |a BD-DhAAL  |c BD-DhAAL 
100 1 |a Buffie, Edward. 
245 1 0 |a Monetary Policy Rules for Managing Aid Surges in Africa /  |c Edward Buffie, Stephen O'Connell, Catherine Pattillo, Christopher Adam. 
264 1 |a Washington, D.C. :  |b International Monetary Fund,  |c 2007. 
300 |a 1 online resource (40 pages) 
490 1 |a IMF Working Papers 
500 |a <strong>Off-Campus Access:</strong> No User ID or Password Required 
500 |a <strong>On-Campus Access:</strong> No User ID or Password Required 
506 |a Electronic access restricted to authorized BRAC University faculty, staff and students 
520 3 |a Since the turn of the century, aid flows to Africa have increased on average and become more volatile. As a result, policymakers, particularly in post-stabilization countries where inflation has only recently been brought under control, have been increasingly preoccupied with how best to deploy the available instruments of monetary policy without yielding on hard-won inflation gains. We use a stochastic simulation model, in which private sector currency substitution effects play a central role, to examine the properties of alternative monetary and fiscal policy strategies in the face of volatile aid flows. We show that simple monetary rules, specifically an (unsterilized) exchange rate crawl and a 'reserve buffer plus float'-under which the authorities set a time-varying reserve target corresponding to the unspent portion of aid financing and allow the exchange rate to float freely once this reserve target is satisfied-have attractive properties relative to a range of alternative strategies including those involving heavy reliance on bond sterilization or a commitment to a 'pure' exchange rate float. 
538 |a Mode of access: Internet 
700 1 |a Adam, Christopher. 
700 1 |a O'Connell, Stephen. 
700 1 |a Pattillo, Catherine. 
830 0 |a IMF Working Papers; Working Paper ;  |v No. 2007/180 
856 4 0 |z Full text available on IMF  |u http://elibrary.imf.org/view/journals/001/2007/180/001.2007.issue-180-en.xml  |z IMF e-Library